Sports Quiz

Random Sports or MLB Quiz
Score 0/40 Timer 07:00
0 Plays Today
Primary Position Player % Correct
SPDave Stieb
95.7%
SSTony Fernandez
95.7%
LFGeorge Bell
95.4%
RFJesse Barfield
94.8%
CFLloyd Moseby
90.5%
RPTom Henke
87.2%
CErnie Whitt
87.2%
SPJimmy Key
82.3%
2BDamaso Garcia
79%
1BWillie Upshaw
76.4%
3BRance Mulliniks
76.4%
3BGarth Iorg
71.8%
SPJim Clancy
70.5%
DHCliff Johnson
67.2%
CBuck Martinez
64.3%
3BKelly Gruber
61%
SPDoyle Alexander
60.7%
2BManny Lee
59%
1BCecil Fielder
47.2%
RPBill Caudill
37.7%
Primary Position Player % Correct
SPLuis Leal
37.4%
DHAl Oliver
36.1%
RPDennis Lamp
33.1%
RPJim Acker
28.5%
DHJeff Burroughs
25.9%
RPJohn Cerutti
25.2%
RPGary Lavelle
23.6%
RFLou Thornton
19.7%
RPRon Musselman
18%
SPSteve Davis
18%
SPTom Filer
17.4%
1BRick Leach
15.1%
DHWillie Aikens
13.1%
CSteve Nicosia
10.5%
DHLen Matuszek
8.9%
CFRon Shepherd
8.2%
CJeff Hearron
7.5%
CGary Allenson
6.6%
LFMitch Webster
6.2%
RPStan Clarke
4.3%
Remove Ads.
Support Sporcle.
Get the best of Sporcle when you Go Orange. This ad-free experience offers more features, more stats, and more fun while also helping to support Sporcle. Thank you for becoming a member.

You're not logged in!

Compare scores with friends on all Sporcle quizzes.
OR
Log In

Show Comments

Extras

Top Quizzes Today


Score Distribution

Your Account Isn't Verified!

In order to create a playlist on Sporcle, you need to verify the email address you used during registration. Go to your Sporcle Settings to finish the process.

Report this User

Report this user for behavior that violates our Community Guidelines.

Details: